| 000 | 01719nam a2200253Ia 4500 | ||
|---|---|---|---|
| 008 | 260220t1991||||xx |||||||||||||| ||spa|| | ||
| 020 | _a8477202273 | ||
| 040 |
_aPY-SlUNAC _bspa _erda |
||
| 041 | _aspa | ||
| 082 |
_a158.1 _bL389d |
||
| 100 |
_aLaut, Phil _eAutor |
||
| 245 | 0 |
_aEl dinero es mi amigo / _cpor Phil Laut [Autor] |
|
| 264 |
_aBarcelona : _bObelisco, _c℗1991. |
||
| 300 | _a1 volumen | ||
| 520 | _aEn "El dinero es mi amigo", Phil Laut presenta una perspectiva innovadora sobre la relación que las personas mantienen con el dinero, abordando cómo las creencias y actitudes pueden influir en la abundancia financiera. Laut sostiene que muchas personas ven el dinero como una fuente de estrés y ansiedad, lo que les impide alcanzar sus objetivos económicos. A través de una serie de ejercicios prácticos y reflexiones, el autor invita a los lectores a reprogramar su mentalidad hacia el dinero, promoviendo una visión más positiva y constructiva. El libro aboga por el uso de afirmaciones y visualizaciones como herramientas para cambiar la percepción del dinero y atraerlo de manera más efectiva. Laut enfatiza que el dinero puede ser un aliado en lugar de un enemigo, y que cultivar una relación saludable con él es fundamental para lograr el éxito personal y financiero. Este enfoque holístico busca empoderar a los lectores a transformar sus vidas al cambiar su relación con el dinero y, en consecuencia, con ellos mismos. | ||
| 653 | _aEconomía | ||
| 653 | _aFinanzas | ||
| 653 | _aRelaciones personales | ||
| 942 |
_b2026/02/17 _cBK |
||
| 999 |
_c6803 _d6803 |
||